[Event "Pan American U18"]
[Site "Bento Goncalves"]
[Date "2010.08.06"]
[Round "7"]
[White "Rojas Alarcon, Julian Antonio"]
[Black "Mamani Aponte, Joan Franco"]
[Result "1-0"]
[WhiteElo "2291"]
[BlackElo "2096"]
[PlyCount "125"]
[EventDate "2010.08.02"]
[EventType "swiss"]
[EventRounds "9"]
[EventCountry "BRA"]
[SourceTitle "EXT 2013"]
[Source "ChessBase"]
[SourceDate "2012.11.22"]
[SourceVersion "1"]
[SourceVersionDate "2012.11.22"]
[SourceQuality "1"]

1. d4 Nf6 2. Bg5 Ne4 3. Bf4 c5 4. f3 Nf6 5. dxc5 Qa5+ 6. Nc3 Qxc5 7. e4 d6 8. Qd2 Nc6 9. Nge2 Bd7 10. Be3 Qa5 11. Nd4 Rc8 12. g4 g6 13. 0-0-0 Ne5 14. Kb1 Nc4 15. Bxc4 Rxc4 16. h4 h5 17. g5 Nh7 18. Nb3 Qc7 19. Nd5 Qb8 20. Na5 Rc8 21. Qd4 Rg8 22. Qxa7 Qxa7 23. Bxa7 Bc6 24. Rd3 Bg7 25. Rb3 e6 26. Nb6 Rd8 27. Nbc4 d5 28. exd5 Bxd5 29. Rd1 Ra8 30. Bc5 Bf8 31. Bxf8 Kxf8 32. Ra3 Ra6 33. Ne5 b6 34. Nac4 Rxa3 35. Nxa3 f6 36. gxf6 Nxf6 37. c4 Ba8 38. Rg1 g5 39. hxg5 h4 40. Nb5 Bb7 41. Nd4 Nh5 42. Rg4 Ke7 43. g6 Ng7 44. Rxh4 Kf6 45. Nd7+ Kxg6 46. Rg4+ Kf7 47. Ne5+ Kf6 48. Nd7+ Kf7 49. Nxb6 e5 50. Nb5 Bxf3 51. Rg1 Ke6 52. b4 Be4+ 53. Kb2 Rb8 54. Na4 Kf7 55. Re1 Bd5 56. Kc3 Kf6 57. Rf1+ Kg5 58. Nc5 Bc6 59. Na7 Ba8 60. Rg1+ Kh6 61. Re1 Rd8 62. Nb5 Bf3 63. Rxe5 1-0

[Event "Pan American U18"]
[Site "Bento Goncalves"]
[Date "2010.08.05"]
[Round "6"]
[White "Mamani Aponte, Joan Franco"]
[Black "Krysa, Leandro Sergio"]
[Result "1/2-1/2"]
[WhiteElo "2096"]
[BlackElo "2244"]
[PlyCount "71"]
[EventDate "2010.08.02"]
[EventType "swiss"]
[EventRounds "9"]
[EventCountry "BRA"]
[SourceTitle "EXT 2013"]
[Source "ChessBase"]
[SourceDate "2012.11.22"]
[SourceVersion "1"]
[SourceVersionDate "2012.11.22"]
[SourceQuality "1"]

1. e4 c6 2. Nc3 d5 3. Nf3 Bg4 4. h3 Bxf3 5. Qxf3 e6 6. d3 Nd7 7. Bd2 g6 8. Be2 Bg7 9. 0-0 Ne7 10. Qg3 0-0 11. Qh4 Nc8 12. Qxd8 Rxd8 13. Rad1 Bd4 14. Be3 Bg7 15. d4 Nd6 16. f3 b5 17. e5 Nc4 18. Bxc4 bxc4 19. Na4 Bf8 20. Rfe1 Nb6 21. Nc5 a5 22. b3 a4 23. b4 a3 24. c3 Be7 25. g3 Nc8 26. Kf2 Na7 27. Ke2 Nb5 28. Kd2 Bxc5 29. bxc5 Rdb8 30. Rb1 Nc7 31. Kc2 Kf8 32. Bh6+ Ke7 33. Bg5+ Kd7 34. Rxb8 Rxb8 35. Rb1 Nb5 36. Be3 1/2-1/2